000 00685nam a22002537a 4500
001 126005
003 UA-OsUOA
005 20220415185922.0
007 ta
008 20171005b un ||||| |||| 00| 0 ukr d
040 _aUA-OsUOA
_bukr
_cUA-OsUOA
_dUA-OsUOA
041 _aukr
080 _a821.161.2
090 _a821.161.2
_bС79
100 _aСтендаль
245 _aТвори
_bв 2-х т.
260 _aК.
_bДніпро
_c1983
300 _a484 с.
505 _gТ. 1
_tЧервоне і чорне
650 7 _a821 Художня лтература
_2UDC
942 _cBK
_2udc
955 _a3
999 _c413247
_d413247